000 01817cam a2200433 a 4500
001 EDZ0000116350
003 StDuBDS
005 20161031105117.0
006 m||||||||d||||||||
007 cr |||||||||||
008 130111s2005 enka fo| 000|0|eng d
020 _a9781446261378 (ebook) :
_cNo price
040 _aStDuBDS
_beng
_cStDuBDS
_epn
049 _aAlfaisal Main Library
050 0 _aBF713.5
_b.D475 2005
082 0 4 _a155
_223
245 0 0 _aDevelopmental psychology.
_n2,
_pSocial and language development
_h[electronic resource] /
_cedited by Charlie Lewis and J. Gavin Bremner.
246 3 0 _aSocial and language development
260 _aLondon :
_bSAGE,
_c2005.
300 _a1 online resource (3 v. (various pagings)) :
_bill.
490 1 _aSAGE benchmarks in psychology
505 0 _av. 4. Theoretical perspectives -- v. 5. Social development -- v. 6. Language, communication, and literacy.
520 8 _aThis collection provides a comprehensive and up-to-date synthesis of the most significant publications in the field of developmental psychology over the past century.
521 _aSpecialized.
588 _aDescription based on print version record.
504 _aIncludes bibliographical references.
650 0 _aDevelopmental psychology.
655 7 _aElectronic books.
_2local
700 1 _aLewis, Charlie.
700 1 _aBremner, J. Gavin,
_d1949-
710 2 _aSage eBooks
740 0 2 _aTheoretical perspectives.
740 0 2 _aSocial development.
740 0 2 _aLanguage, communication, and literacy.
776 0 8 _iPrint version :
_z9781412907842
830 0 _aSAGE benchmarks in psychology.
856 4 0 _uhttp://ezproxy.alfaisal.edu/login?url=http://sk.sagepub.com/navigator/developmental-psychology-ii-social-and-language-development
942 _2lcc
_cEBOOKS
999 _c479512
_d479512